000
00343nam a2200133Ia 4500
008
151001s9999||||xx |||||||||||||| ||und||
100
_a
व बा बोधे
245
_a
चांगभल
250
_a
1
260
_b
गुलमोहर प्रकाशन सातारा
260
_c
1982
300
_a
204
365
_b
21
999
_c
961812
_d
961809